000 00675nam a2200253Ia 4500
003 OSt
005 20221007072433.0
006 a|||||r|||| 00| 0
007 ta
008 221006b |||||||| |||| 00| 0 eng d
024 _a15,582
037 _cTextual
040 _aFLL
_cFLL
_beng
041 _2eng
_aeng
082 _aX627:Z3, K4
100 _aChalmers Au.
_9690650
245 0 _aBills of exchange
250 _a13th
260 _aLondon
_bStevens and sons limited London
_c1964
300 _a420p
_ccm.
700 _a Smout D.A.L. Au.
_9690651
942 _hX627:Z3, K4
_cTEXL
_2CC
999 _c1146062
_d1146062